000 00264nam a2200109Ia 4500
008 190216s9999||||xx |||||||||||||| ||und||
100 _aDas Gupta N
245 0 _aFinancial Reporting In India
260 _bShivlal Agarwala & Com
_c1987
300 _a272p
942 _cBK
999 _c4615
_d4615